Normal view
MARC view
Entry Topical Term
001 - CONTROL NUMBER
- control field: 27697
003 - CONTROL NUMBER IDENTIFIER
- control field: OSt
005 - DATE AND TIME OF LATEST TRANSACTION
- control field: 20260608155626.0
008 - FIXED-LENGTH DATA ELEMENTS
- fixed length control field: 260608|| aca||aabn | a|a d
040 ## - CATALOGING SOURCE
- Original cataloging agency: OSt
- Transcribing agency: OSt
150 ## - HEADING--TOPICAL TERM
- Topical term or geographic name entry element: Educational Leadership- United States
670 ## - SOURCE DATA FOUND
- Source citation: Work cat.: (OSt)23552: Gray Susan Penny, William A. Streshly 27695, From Good Schools to Great Schools: What Their Principals Do Well, 2008
